| 000 | 01249nam a2200301 i 4500 | ||
|---|---|---|---|
| 001 | 185471 | ||
| 003 | SpMaBN | ||
| 005 | 20250829063132.0 | ||
| 008 | 160608s2000 sp bf |||| |bspa d | ||
| 020 | _a84-7651-862-5 | ||
| 080 | _a929 Cook, James | ||
| 080 | _a910.4(100)"17" | ||
| 100 | 1 |
_aCook, James, _d1728-1779 _9126569 |
|
| 245 | 1 | 4 |
_aLos tres viajes alrededor del mundo _b: diarios de 1768 a 1780 / _cJames Cook ; presentación de Christopher Lloyd. |
| 250 | _a4ª ed. | ||
| 260 |
_aPalma de Mallorca : _bJosé J. de Olañeta, _c2000. |
||
| 300 |
_a418, [32] p. de lám., [12] p. de mapas ; _c21 cm. |
||
| 490 | 1 |
_aTerra incógnita ; _v12 |
|
| 500 | _aGlosario de términos náuticos. | ||
| 500 | _aÍndice. | ||
| 505 | 8 |
_aContiene: ; _tPrimer viaje: diarios de 1768 a 1771 ; _tSegundo viaje: diarios de 1772 a 1775 / _r[traducidos por Mateu Grimalt]. -- _tTercer viaje: diarios de 1776 a 1780 / _r[traducidos por Jaume Pomar] |
|
| 600 | 1 | 4 |
_aCook, James, _d1728-1779 _9126569 |
| 650 | 7 |
_aViajes alrededor del mundo- _yS.XVIII. _9159809 |
|
| 700 | 1 |
_aLloyd, Christopher. _972950 |
|
| 830 | 0 |
_aTerra incógnita ; _v12 _9192333 |
|
| 852 |
_aES-MaACL _jL-30360 _z. - Donat. Miguel A. Velasco |
||
| 999 |
_c185471 _d185471 |
||